| 000 | 00476cam a2200181ua 4500 | ||
|---|---|---|---|
| 020 | _cRs 1.25 | ||
| 041 |
_amal _h |
||
| 082 |
_a894.812 1 _bVAL/SA |
||
| 100 | _aNarayana Menon, Vallathol. | ||
| 245 |
_aSahityamanjari / _cVallathol Narayana Menon. _hTextual Documents |
||
| 260 |
_aCheruthuruthy : _bVallathol Granthalayam , _c1963. |
||
| 300 | _a1092 ; . | ||
| 365 | _aRs 1.25 | ||
| 504 | _a | ||
| 650 | _aPoems - Malayalam | ||
| 942 | _cBK | ||
| 999 |
_c599 _d599 |
||